000
00286nam a2200121Ia 4500
005
20251222154334.0
008
251222s9999||||xx |||||||||||||| ||spa||
020
_a
84-320-9099-9
082
_a
818.5/H97
100
_a
"Huston, John"
245
0
_a
El tesoro de sierra madre
942
_c
LIB
999
_c
34284
_d
34284